000 00460nam a2200193Ia 4500
008 151121s9999||||xx |||||||||||||| ||und||
082 _a153/SHA
082 _bHNW-113332
100 _aSharma Robin
245 4 _aThe Greatenss guide 2
260 _b"Jaico, Delhią„¤"
260 _c2012
300 _a203
600 _aSharma Robin
630 _aThe Greatenss guide 2
700 _aSharma Robin
730 _aThe Greatenss guide 2
942 _cBOOK
999 _c1262473
_d1262470